Southville International School and Colleges
Your cart is empty.
  • Cart
  • Lists
    Public lists Eva Luna New books Lux_list list_1
    Your lists Log in to create your own lists
  • Log in to your account
  • Your cookies
  • Search history
Southville International School and Colleges
  • Advanced search
  • Recent comments
  • Most popular
  • Libraries

Log in to your account

Log in with GOOGLE


If you do not have an external account, but do have a local account, you can still log in:

  1. Home
  2. MARC view: Coping with crisis :
Normal view MARC view ISBD view

Coping with crisis : (Record no. 9594)

[ view plain ]
MARC details
000 -LEADER
fixed length control field 01533cam a22004215a 4500
001 - CONTROL NUMBER
control field 85285
003 - CONTROL NUMBER IDENTIFIER
control field SISC
005 - DATE AND TIME OF LATEST TRANSACTION
control field 20160318152122.0
008 - FIXED-LENGTH DATA ELEMENTS--GENERAL INFORMATION
fixed length control field 950313s1994 enk bs 001 0 eng d
010 ## - LIBRARY OF CONGRESS CONTROL NUMBER
LC control number 95190732
015 ## - NATIONAL BIBLIOGRAPHY NUMBER
National bibliography number GB95-22588
020 ## - INTERNATIONAL STANDARD BOOK NUMBER
International Standard Book Number 0304330949 (hard)
020 ## - INTERNATIONAL STANDARD BOOK NUMBER
International Standard Book Number 0304330957 (pbk.)
020 ## - INTERNATIONAL STANDARD BOOK NUMBER
International Standard Book Number 9231029738 (UNESCO)
035 ## - SYSTEM CONTROL NUMBER
System control number (OCoLC)32239827
040 ## - CATALOGING SOURCE
Original cataloging agency Uk
Transcribing agency Uk
Modifying agency CSbC
-- DLC
042 ## - AUTHENTICATION CODE
Authentication code lccopycat
050 00 - LIBRARY OF CONGRESS CALL NUMBER
Classification number LB 2830
Item number .C68 1994
082 00 - DEWEY DECIMAL CLASSIFICATION NUMBER
Classification number HS 658.4
Item number C79 1994
245 00 - TITLE STATEMENT
Title Coping with crisis :
Remainder of title austerity, adjustment, and human resources /
Statement of responsibility, etc edited by Joel Samoff.
260 ## - PUBLICATION, DISTRIBUTION, ETC. (IMPRINT)
Place of publication, distribution, etc London :
Name of publisher, distributor, etc UNESCO,
Date of publication, distribution, etc c1994.
300 ## - PHYSICAL DESCRIPTION
Extent 284 p. :
Dimensions 25 cm.
440 #0 - SERIES STATEMENT/ADDED ENTRY--TITLE
Title Cassell education
9 (RLIN) 14258
650 #0 - SUBJECT ADDED ENTRY--TOPICAL TERM
Topical term or geographic name as entry element Education
General subdivision Finance.
9 (RLIN) 14259
650 #0 - SUBJECT ADDED ENTRY--TOPICAL TERM
Topical term or geographic name as entry element Education
General subdivision Finance
Form subdivision Case studies.
9 (RLIN) 14260
650 #0 - SUBJECT ADDED ENTRY--TOPICAL TERM
Topical term or geographic name as entry element Education and state.
9 (RLIN) 14261
650 #0 - SUBJECT ADDED ENTRY--TOPICAL TERM
Topical term or geographic name as entry element Education and state
Form subdivision Case studies.
9 (RLIN) 14262
650 #0 - SUBJECT ADDED ENTRY--TOPICAL TERM
Topical term or geographic name as entry element Vocational education
General subdivision Finance.
9 (RLIN) 14263
650 #0 - SUBJECT ADDED ENTRY--TOPICAL TERM
Topical term or geographic name as entry element Vocational education
General subdivision Finance
Form subdivision Case studies.
9 (RLIN) 14264
700 1# - ADDED ENTRY--PERSONAL NAME
Personal name Samoff, Joel.
9 (RLIN) 14265
710 2# - ADDED ENTRY--CORPORATE NAME
Corporate name or jurisdiction name as entry element ILO-UNESCO Task Force on Austerity, Adjustment, and Human Resources.
9 (RLIN) 14266
906 ## - LOCAL DATA ELEMENT F, LDF (RLIN)
a 7
b cbc
c copycat
d 2
e ncip
f 19
g y-gencatlg
942 ## - ADDED ENTRY ELEMENTS (KOHA)
Source of classification or shelving scheme Library of Congress Classification
Koha item type Books
Holdings
Withdrawn status Lost status Source of classification or shelving scheme Damaged status Home library Current library Shelving location Date acquired Total Checkouts Full call number Barcode Date last seen Copy number Price effective from Koha item type
    Library of Congress Classification   Luxembourg Library Luxembourg Library High School Section 08/28/2013   LB 2830 .C68 1994 3396 03/18/2016 1 08/28/2013 Books

Coping with crisis :

APA

Samoff J., ILO-UNESCO Task Force on Austerity A. a. H. R., . (1994). Coping with crisis. London: UNESCO.

Chicago

Samoff Joel, ILO-UNESCO Task Force on Austerity Adjustment and Human Resources, . 1994. Coping with crisis. London: UNESCO.

Harvard

Samoff J., ILO-UNESCO Task Force on Austerity A. a. H. R., . (1994). Coping with crisis. London: UNESCO.

MLA

Samoff Joel, ILO-UNESCO Task Force on Austerity Adjustment and Human Resources, . Coping with crisis. London: UNESCO. 1994.

  • Place hold
  • Print
  • Cite
  • Add to your cart (remove)
  • Save record
    BIBTEX Dublin Core MARCXML MARC (non-Unicode/MARC-8) MARC (Unicode/UTF-8) MARC (Unicode/UTF-8, Standard) MODS (XML) RIS
  • More searches
    Search for this title in:
    Other Libraries (WorldCat) Other Databases (Google Scholar) Online Stores (Bookfinder.com) Open Library (openlibrary.org)

Exporting to Dublin Core...

SOUTHVILLE LIBRARY

Southville International School and Colleges Library

1281 Tropical Ave. Cor. Luxembourg St., BF Homes International, Las Pinas City

Tel. No. 8256374 / 252358 Loc. 117/146

Powered by Koha